MDQL
is popping MORE tags! Check the
thread
!
Quizzes
Events
Quiz Creation
Community
Videos
Private Events
Remove Ads
Sign In
Join for FREE
Feedback
Dark Mode
Quiz Categories
Sports
Geography
Music
Movies
Television
Just For Fun
Miscellaneous
History
Literature
Language
Science
Gaming
Entertainment
Religion
Holiday
For Kids
Quiz Lab
Recent
Popular Today
Quiz Kudos Today
Editor Picks
Curator Picks
Quizzes by...
Day
Popularity
Type
Ratings
Length
Year
Community
Subscriptions
Recent Discussions
Orange Saloon
Badges
Playlists
Quests
Create
Leaderboards
Showdown
Live 5
Trivia Bingo
Activity
Puzzle Library
Sporcle Events
Private Events
Virtual Trivia
Globe League
Become a Host
Pub Owners
SporcleCon
Opinionation
Our Games
Videos
Blog
Mobile Apps
Partnerships
Remove Ads and Go Orange
Feedback
Miscellaneous
Crossword
General Knowledge
Baby Names
Logo
Food
Cars
Numbers
Grab Bag
University
College
Popular
Company
Slogans
Restaurants
Justice
Letter
Miscellaneous
Crossword
General Knowledge
Baby Names
Logo
Food
Cars
Numbers
Grab Bag
University
College
Popular
Company
Slogans
Restaurants
Justice
Letter
Random Quiz
Search Sporcle
×
Quiz Lab
Quiz Lab
Miscellaneous
location
Type in answers that appear in a list
Type in answers that appear in a list
Classic
Best Score? Go Orange.
Top Twitter Followings Stats
Can you name the Top Twitter Followings?
By
jkkoth
3m
20 Questions
185 Plays
185 Plays
185 Plays
Comments
Comments
Give Quiz Kudos
Give Quiz Kudos
-
- Ratings
hide this ad
More Info
Replay
Link that replays current quiz
Next Quiz
Link to next quiz in quiz playlist
You Got
0%
They Got
Avg Score
29%
Avg Friend Score
Upgrade to see
Score Distribution
Jump to the score distribution portion of the page
Score
0/20
Timer
03:00
0
Plays Today
User description
% Correct
President
Barack Obama
83.2%
Talk show host
Oprah Winfrey
63.8%
Actor
Ashton Kutcher
42.2%
Singer/
songwriter
Lady GaGa
41.1%
News/
Newspaper
The New York Times
40.5%
News
CNN Breaking News
40%
American basketball player
Shaquille O'Neal
38.9%
Reality show actress
Kim Kardashian
38.4%
Social Networking
Twitter
36.8%
Talk show host
Ellen DeGeneres
34.1%
User description
% Correct
Professional Athelete/
Biker
Lance Armstrong
29.2%
Singer
Britney Spears
24.9%
Singer/
songwriter
Taylor Swift
22.2%
Primetime television host/
radio host
Ryan Seacrest
14.1%
Movie actress
Demi Moore
13%
Singer
John Mayer
11.9%
Music group
Coldplay
9.7%
Comedian
Jimmy Fallon
3.2%
Actress
Ashley Tisdale
2.7%
Singer
PDiddy
2.2%
Quiz Playlist
Details
Report
Send in Message
Add To Playlist
More Info:
Make sure you RT (retweet) this!
Classic:
Type in answers that appear in a list
Quiz Source
Last Updated: Feb 16, 2017
Quiz Scoreboard
CHALLENGE
Sign Up to Join the Scoreboard
Show All
Scores
Hide
Comments
May contain spoilers
Recently Published
1-10 Letter E Words III
by El_Dandy
Language
2m
Street Fighter Characters
by Artimus82
Gaming
60s
College Basketball Coaching Resumes
by pancakes188
Sports
9m
More to Explore
Quiz From the Vault
Featured Blog Post
Where Did the Easter Bunny Come From?
hide this ad
You Might Also Like...
Tags
description
location
Top Twitter
Twitter
User
Today's Top Quizzes in Miscellaneous
Browse Miscellaneous
hide this ad
Today's Top Quizzes in location
Browse location
Top Contributed Quizzes in Miscellaneous
1
5-to-1: Fast Food
2
The JOE quick-fire general knowledge quiz: Day 174
3
The JOE quick-fire general knowledge quiz: Day 173
4
5-to-1: Cocktails
5
The JOE quick-fire general knowledge quiz: Day 172
6
9x9 Crossword: Disney Movie Titles
7
9x9 Crossword: Charlie and the Chocolate Factory
8
Sunday Crossword: Famous Bodies of Water
9
The JOE quick-fire general knowledge quiz: Day 171
10
9x9 Crossword: Flags
Explore More
Trending Topics
Disney
Anime
Marvel
NBA
Crossword
Harry Potter
Kpop
NFL
Puzzle
Country
WWE
Soccer
Pokémon
The Office
Song
hide this ad
More By:
jkkoth
Quiz
Plays
Rating
Category
Featured
Created
Word Scramble: St. Patrick's Day
498
3.25
Holiday
Mar 13, 2010
Countries by their Capital
452
1.80
Geography
Jan 15, 2010
Most Common U.S. Surnames
283
Just For Fun
Jan 15, 2010
Top 10 iTunes Downloaded of All Time
214
1.00
Music
Jan 9, 2010
Top Twitter Followings
185
2.50
Miscellaneous
Jan 31, 2010
Go to Creator's Profile
Score Distribution
Quiz Creator Spotlight
jkkoth
Follow
Send a Message
Quizzes Created
-
Created Quiz Play Count
-
More By This Creator
Popular Quizzes Today
1
Find the US States - No Outlines Minefield
2
Find the Countries of Europe - No Outlines Minefield
3
The Countries of the World
4
Find the US States
5
Risky Map Clicking: Biggest States A-Z
6
US States
7
Popular People in 1961
8
Movies - When Are They Set?
More Miscellaneous Quizzes
4 to 13 Letter 'J' Images
Published
Trending Quizzes
Risky Map Clicking: Least Populous States A-Z
USA Borders Longest to Shortest
1-10 Letter G Words
1-10 Letter F Words
Countries of the World: 200 Million BC
Recently Updated
Leaping Animals
pecheneg
Reality TV Shows (A-Z)
bhenderson79
Rickey Henderson's Hall of Fame Teammates
pecheneg
Champions League XIs: Arsenal
pecheneg
Quick Pick: Celebrities in WWE's Hall of Fame
aduchscher
A-Z Keypad Blitz II
pecheneg
Multiple Oscar Actors
pecheneg
Mystery Phrase Blitz: Oscar 'Best Actors'
pecheneg
F. Scott Fitzgerald Novels
LTH
Pick 3 Villains
ddd62291
Trending Topics
Anime
Crossword
Kpop
Marvel
NBA
Disney
Harry Potter
Puzzle
Song
Soccer
WWE
Country
NFL
The Office
Pokémon
Your Account Isn't Verified!
In order to create a playlist on Sporcle, you need to verify the email address you used during registration. Go to your
Sporcle Settings
to finish the process.
Report this User
Report this user for behavior that violates our
Community Guidelines
.
Details:
Send Report
Go to the Sporcle.com Mobile Site →
Comments